000 00289nam a2200109Ia 4500
008 190913s9999||||xx |||||||||||||| ||und||
100 _aJohn A.Byrne
245 0 _aBusiness Week's Guide to the best Business Schools
260 _aNew York
_bMcGraw Hill
_c1999
300 _a780
942 _cBK
999 _c7919
_d7919